| 000 | 00866nam a22002535a 4500 | ||
|---|---|---|---|
| 003 | OSt | ||
| 005 | 20170725150120.0 | ||
| 008 | 170718s2014 ua grb f000 0 ara d | ||
| 017 | _a2013 / 14379 | ||
| 020 | _a9789777184526 | ||
| 040 |
_aEG-ScBUE _bara _cEG-ScBUE |
||
| 043 | _af-ua--- | ||
| 082 | 0 | 4 |
_222 _a320.962 _bأ ح م |
| 100 | 1 | _aأحمد، محمد سيد. | |
| 245 | 1 | 2 |
_aالخطاب السياسي للطبقة الوسطى المصرية / _cمحمد سيد أحمد. |
| 260 |
_aالقاهرة : _bالمجلس الأعلى للثقافة، _c2014. |
||
| 300 |
_a616 ص. ؛ _c24 سم. |
||
| 504 | _aيشتمل على إرجاعات ببليوجرافية. | ||
| 590 | _aدعاء | ||
| 650 | 7 |
_2BUEsh _aالخطب السياسية _zمصر. |
|
| 651 | 7 |
_2BUEsh _aمصر _xسياسة وحكومة. _929430 |
|
| 653 |
_bGGEN _cJuly2017 |
||
| 942 | _2ddc | ||
| 999 |
_c25048 _d25020 |
||